Los escribanos en el Santo Domingo colonial / (Record no. 5667)
[ view plain ]
| 000 -CABECERA | |
|---|---|
| campo de control de longitud fija | 00920nam a2200217 a 4500 |
| 001 - NÚMERO DE CONTROL | |
| campo de control | 000005871 |
| 005 - FECHA Y HORA DE LA ÚLTIMA TRANSACCIÓN | |
| campo de control | 20240229073943.0 |
| 008 - DATOS DE LONGITUD FIJA--INFORMACIÓN GENERAL | |
| campo de control de longitud fija | 090824s1989 dr a 001 0 spa d |
| 040 ## - FUENTE DE LA CATALOGACIÓN | |
| Centro catalogador/agencia de origen | DO-SdBNP |
| Lengua de catalogación | spa |
| Centro/agencia transcriptor | BNPHU |
| 082 ## - NÚMERO DE LA CLASIFICACIÓN DECIMAL DEWEY | |
| Número de clasificación | 347.01609 |
| Número de documento/Ítem | P762e |
| 100 ## - ENTRADA PRINCIPAL--NOMBRE DE PERSONA | |
| Nombre de persona | Polanco Brito, Hugo E. |
| 9 (RLIN) | 7924 |
| 245 14 - MENCIÓN DE TÍTULO | |
| Título | Los escribanos en el Santo Domingo colonial / |
| Mención de responsabilidad, etc. | Mons. Hugo Eduardo Polanco Brito ; prólogo Rhadys Iris Abreu de Polanco ; cuidado de edición José Chez Checo. |
| 260 ## - PUBLICACIÓN, DISTRIBUCIÓN, ETC. | |
| Lugar de publicación, distribución, etc. | Santo Domingo : |
| Nombre del editor, distribuidor, etc. | Academia Dominicana de Historia, |
| Fecha de publicación, distribución, etc. | 1989. |
| 300 ## - DESCRIPCIÓN FÍSICA | |
| Extensión | 277 p. : |
| Otras características físicas | il. ; |
| Dimensiones | 23 cm. |
| 500 ## - NOTA GENERAL | |
| Nota general | Incluy índice. |
| 504 ## - NOTA DE BIBLIOGRAFÍA, ETC. | |
| Nota de bibliografía, etc. | Incluye bibliografías (p .249-252). |
| 650 #4 - PUNTO DE ACCESO ADICIONAL DE MATERIA--TÉRMINO DE MATERIA | |
| Término de materia o nombre geográfico como elemento de entrada | Notarios |
| Subdivisión geográfica | República Dominicana |
| -- | Santo Domingo |
| Subdivisión general | Historia |
| 9 (RLIN) | 16552 |
| 650 #4 - PUNTO DE ACCESO ADICIONAL DE MATERIA--TÉRMINO DE MATERIA | |
| Término de materia o nombre geográfico como elemento de entrada | Derecho notarial |
| Subdivisión geográfica | República Dominicana |
| -- | Santo Domingo |
| 9 (RLIN) | 16553 |
| 700 1# - PUNTO DE ACCESO ADICIONAL--NOMBRE DE PERSONA | |
| Nombre de persona | Abreu de Polanco, Rhadys Iris, |
| Término indicativo de función/relación | pról. |
| 9 (RLIN) | 16554 |
| 700 1# - PUNTO DE ACCESO ADICIONAL--NOMBRE DE PERSONA | |
| Nombre de persona | Chez Checo, José, |
| Fechas asociadas al nombre | 1949- |
| Término indicativo de función/relación | ed. |
| 9 (RLIN) | 10145 |
| Estado de retiro | Estado de pérdida | Restricciones de uso | No para préstamo | Código de colección | Localización permanente | Ubicación/localización actual | Ubicación en estantería | Fecha de adquisición | Número de inventario | Total de préstamos | Signatura topográfica completa | Código de barras | Fecha visto por última vez | Número de copia | Precio válido a partir de | Tipo de ítem Koha |
|---|---|---|---|---|---|---|---|---|---|---|---|---|---|---|---|---|
| Dominicana de Servicio | General | General | En catalogación | 25.11.2009 | LF1 | 347.01609 P762e | 5871-30 | 25.06.2020 | e. 3 | 25.06.2020 | Libro y Folleto Colección Dominicana de Servicio | |||||
| Excluido de préstamo | Patrimonio Dominicano | Patrimonio Dominicano | Patrimonio Dominicano | En catalogación | 24.08.2009 | LF1 | 347.01609 P762e | 5871-10 | 25.06.2020 | 25.06.2020 | Libro y Folleto Colección Patrimonio Dominicano | |||||
| Excluido de préstamo | Patrimonio Dominicano | Patrimonio Dominicano | Patrimonio Dominicano | En catalogación | 24.08.2009 | LF1 | 347.01609 P762e | 5871-20 | 25.06.2020 | e. 2 | 25.06.2020 | Libro y Folleto Colección Patrimonio Dominicano |
